Statistics for 20 World Leaders Everyone Should Know

Click here to take the quiz!

General Stats

  • This quiz has been taken 137 times
    (135 since last reset)
  • The average score is 17 of 20

Answer Stats

HintLeader% Correct
The first president of the United States of AmericaGeorge Washington
98%
The current leader of North KoreaKim Jong-un
97%
Current leader of RussiaVladimir Putin
97%
Started the second world war by invading Poland in 1939Adolf Hitler
95%
The first black president of the USBarack Obama
95%
The Soviet leader during WWII and the start of the Cold WarJoseph Stalin
94%
British Prime Minister that helped win WWIIWinston Churchill
93%
President during the Cold War who was assassinated in Dallas in 1963John F. Kennedy
92%
Fascist leader of Italy during WWIIBenito Mussolini
90%
Famous black president of South AfricaNelson Mandela
89%
Leader of Cuba from 1959 to 2008Fidel Castro
88%
First female Prime Minister of the United KingdomMargaret Thatcher
88%
Current Canadian Prime MinisterJustin Trudeau
87%
Communist dictator who was the founder of the People's Republic of ChinaMao Zedong
87%
The longest serving US presidentFranklin D. Roosevelt
80%
Wrote the Decleration of IndependenceThomas Jefferson
80%
The American president who ordered a siege in the Capitol in WashingtonDonald Trump
78%
Gave the Gettysburg addressAbraham Lincoln
77%
Emperor of Japan during WWIIHirohito
77%
Australian Prime Minister who went swimming and never returned...Harold Holt
13%

Score Distribution

Percentile by Number Answered

Percent of People with Each Score

Your Score History

You have not taken this quiz since the last reset